| 000 | 00995cad a22002055a 4500 | ||
|---|---|---|---|
| 001 | L153422 | ||
| 008 | 110722s2011 xxk 000 0 eng d | ||
| 035 | _a(Sirsi) u153422 | ||
| 041 | 0 | _aeng | |
| 110 | 2 |
_aUnited Kingdom _bDepartment for Business, Innovation and Skills _95760 |
|
| 245 | 0 | 0 |
_aLand Registry, Met Office and Ordnance Survey become part of the BIS family _h[electronic resource] |
| 260 |
_aLondon _bDBIS _c2011 |
||
| 490 |
_aBIS Press Release _v18 July 2011 |
||
| 520 | _aPrime minister announced that responsibility for the Land Registry, Met Office and Ordnance Survey will pass to the Department for Business, Innovation and Skills. This marks a significant step towards the establishment of a Public Data Corporation. | ||
| 590 | _aKA NTK | ||
| 651 | 4 |
_aUnited Kingdom _y |
|
| 690 | _aMANAGEMENT-BUSINESS MANAGEMENT | ||
| 856 | 4 | 0 |
_uhttps://nds.coi.gov.uk/content/Detail.aspx?ReleaseID=420446&NewsAreaID=2 _zView the news release free of charge at nds.coi.gov.uk |
| 942 | _n0 | ||
| 999 |
_c83285 _d83285 |
||